000 00420nam a22001577a 4500
005 20251108175801.0
008 250721s1978 xx 000 0 eng d
082 1 4 _a658.401/BAN
100 1 _aBANDROWSKI, JAMES F.
245 1 0 _aCREATIVE PLANNING THOUGHOUTBTHE ORGANIZATION /
264 1 _aNEW YORK :
_bAMA MANAGMENT BRIEFING,
_c1978.
300 _a80P.
650 1 7 _aPLANNING
942 _2ddc
_cBK
999 _c142301
_d142301